Sơ đồ hóa các quy trình xử lý nước thải dân dụng : Luận văn tốt nghiệp Đại học

Đề tài trình bày khái quát các khái niệm cơ bản về tài nguyên nước, các phương pháp xử lý nước thải và sơ đồ hoá các quy trình xử lý nước thải dân dụng.

Gespeichert in:
Bibliographische Detailangaben
1. Verfasser: Bùi, Ngọc Hiển
Format: Buch
Sprache:Undetermined
Veröffentlicht: Cần Thơ Trường Đại học Cần Thơ 2003
Schlagworte:
Tags: Tag hinzufügen
Keine Tags, Fügen Sie den ersten Tag hinzu!
Thư viện lưu trữ: Trung tâm Học liệu Trường Đại học Cần Thơ
LEADER 01057nam a2200217Ia 4500
001 CTU_143336
008 210402s9999 xx 000 0 und d
082 |a 628.4 
082 |b H305 
088 |a 1980637 
100 |a Bùi, Ngọc Hiển 
245 0 |a Sơ đồ hóa các quy trình xử lý nước thải dân dụng : 
245 0 |b Luận văn tốt nghiệp Đại học 
245 0 |c Bùi Ngọc Hiển; Lê Anh Tuấn (Giáo viên hướng dẫn) 
260 |a Cần Thơ 
260 |b Trường Đại học Cần Thơ 
260 |c 2003 
520 |a Đề tài trình bày khái quát các khái niệm cơ bản về tài nguyên nước, các phương pháp xử lý nước thải và sơ đồ hoá các quy trình xử lý nước thải dân dụng. 
650 |a Environmental sciences,Liquid wastes,Khoa học môi trường,Chất thải nước 
904 |i Trọng Hải 
980 |a Trung tâm Học liệu Trường Đại học Cần Thơ